| 000 | 01387nam a22004337a 4500 | ||
|---|---|---|---|
| 003 | OSt | ||
| 005 | 20230531131722.0 | ||
| 008 | 221006b |||||||| |||| 00| 0 eng d | ||
| 040 | _cBiblioteca Lado V | ||
| 082 |
_a800 _bC974p |
||
| 100 |
_9837 _aCuperman, Pedro _eeditor |
||
| 245 | _aPoint of Contact/ | ||
| 260 |
_aNew York _bSyracuse University _c2001 |
||
| 300 |
_c18x25cm _a100p. |
||
| 366 | _espa | ||
| 490 |
_a2 _v5 |
||
| 505 | _aJohn Cage | ||
| 505 | _aThe power of silence | ||
| 505 | _aThe signs of silence | ||
| 505 | _aThe Apple Monologues | ||
| 505 | _aA Conversation with Trisha Brown | ||
| 505 | _aLeading Dance | ||
| 505 | _aPoetry and Silence | ||
| 505 | _aStills from 38 seconds, 2000 | ||
| 505 | _aSilence | ||
| 505 | _aOnce Upon a Time | ||
| 505 | _aA Conversation with Robert Ashley | ||
| 505 | _aFive Screens | ||
| 505 | _aWhither Silence? Withers | ||
| 505 | _aContributors | ||
| 650 |
_2Tesauro de Arte & Arquitectura _aARTE _9703 |
||
| 650 |
_2Tesauro de Arte & Arquitectura _aLITERATURA _9702 |
||
| 650 |
_2Tesauro de Arte & Arquitectura _aCRITICA |
||
| 650 |
_2Tesauro de Arte & Arquitectura _aPUBLICACION PERIODICA |
||
| 650 |
_2Tesauro de Arte & Arquitectura _aESPAÑOL |
||
| 700 |
_aOswaldo, "EL PHISICO" _eeditor |
||
| 700 |
_aJose Francisco, "EL REBELDE" _eeditor |
||
| 942 |
_2ddc _c1 _h800 _iC974p _n0 |
||
| 999 |
_c3777 _d3777 |
||